00292nam a2200121Ia 45000030006000000080041000060400015000471000023000622450047000852600009001325460012001410050017001530STCL150530s9999 xx 000 0 und d aSTCLcSTCL aAugustine, C.A. Ed aXXV All India library conference: Souvenir c1979 aEnglish20220125165727.0